Every Song by the Shins - Statistics

General Stats
  • This quiz has been taken 4 times
  • The average score is 9 of 66
Answer Stats
Album Song % Correct
Wincing the Night Away(2007) Australia
67%
Heartworms(2017) Heartworms
67%
Port of Morrow(2012) Port of Morrow
67%
Chutes Too Narrow(2003) So Says I
67%
Wincing the Night Away(2007) A Comet Appears
33%
Non-Album(2012) Death Cream
33%
Chutes Too Narrow(2003) Gone for Good
33%
Non-Album(2009) It's Okay, Try Again
33%
Port of Morrow(2012) It's Only Life
33%
Oh, Inverted World(2001) Know Your Onion!
33%
Oh, Inverted World(2001) New Slang
33%
Wincing the Night Away(2007) Pam Berry
33%
Wincing the Night Away(2007) Phantom Limb
33%
Wincing the Night Away(2007) Red Rabbits
33%
Chutes Too Narrow(2003) Saint Simon
33%
Wincing the Night Away(2007) Sea Legs
33%
Port of Morrow(2012) September
33%
Port of Morrow(2012) Simple Song
33%
Wincing the Night Away(2007) Sleeping Lessons
33%
Non-Album(2020) The Great Divide
33%
Oh, Inverted World(2001) The Past and Pending
33%
Oh, Inverted World(2001) Weird Divide
33%
Chutes Too Narrow(2003) Young Pilgrims
33%
Port of Morrow(2012) 40 Mark Straße
0%
Port of Morrow(2012) Bait and Switch
0%
Wincing the Night Away(2007) Black Wave
0%
Oh, Inverted World(2001) Caring Is Creepy
0%
Heartworms(2017) Cherry Hearts
0%
Heartworms(2017) Dead Alive
0%
Nature Bears a Vacuum(1999) Eating Styes from Elephants' Eyes
0%
Port of Morrow(2012) Fall of '82
0%
Heartworms(2017) Fantasy Island
0%
Chutes Too Narrow(2003) Fighting in a Sack
0%
Port of Morrow(2012) For a Fool
0%
Oh, Inverted World(2001) Girl Inform Me
0%
Oh, Inverted World(2001) Girl on the Wing
0%
Wincing the Night Away(2007) Girl Sailor
0%
Heartworms(2017) Half a Million
0%
Chutes Too Narrow(2003) Kissing the Lipless
0%
Heartworms(2017) Mildenhall
0%
Chutes Too Narrow(2003) Mine's Not a High Horse
0%
Nature Bears a Vacuum(1999) My Seventh Rib
0%
Heartworms(2017) Name for You
0%
Port of Morrow(2012) No Way Down
0%
Oh, Inverted World(2001) One by One All Day
0%
Heartworms(2017) Painting a Hole
0%
Port of Morrow(Bonus)(2012) Pariah King
0%
Chutes Too Narrow(2003) Pink Bullets
0%
Oh, Inverted World(2001) Pressed in a Book
0%
Heartworms(2017) Rubber Ballz
0%
Non-Album(2014) So Now What
0%
Heartworms(2017) So Now What
0%
Oh, Inverted World(Bonus)(2001) Sphagnum Esplanade
0%
Wincing the Night Away(2007) Spilt Needles
0%
Oh, Inverted World(2001) The Celibate Life
0%
Heartworms(2017) The Fear
0%
Port of Morrow(2012) The Rifle's Spiral
0%
Port of Morrow(Bonus)(2012) The Waltz Is Over
0%
Non-Album(2004) They'll Soon Discover
0%
Nature Bears a Vacuum(1999) Those Bold City Girls
0%
Chutes Too Narrow(2003) Those to Come
0%
Chutes Too Narrow(2003) Turn a Square
0%
Wincing the Night Away(2007) Turn on Me
0%
Nature Bears a Vacuum(1999) We Built a Raft and We Floated
0%
Non-Album(1999) When I Goose-Step
0%
Oh, Inverted World(2001) Your Algebra
0%
No matching quizzes found
Score Distribution
Percent of People with Each Score
Percentile by Number Answered
Your Score History
You have not taken this quiz